000 00620nam a2200181 i 4500
001 28287
003 ES-MaACL
005 20230906153822.0
007 t|
008 030116q1921 mx ||||1| spa d
100 1 _aBadia Malagrida, Carlos.
_924545
245 1 0 _aIdeario de la colonia española
_b: su organización y su programa /
_cCarlos Badia Malagrida.
260 _aMéxico :
_bBelisario Domínguez,
_c[1921?]
300 _aIV, 198 p. ;
_c18 cm.
650 4 _aEspañoles-
_zAmérica Latina.
_9163615
651 4 _aEspaña-
_xServicio diplomático y consular-
_zAmérica Latina.
_9163616
852 _aES-MaACL
_jF-2691
999 _c28287
_d28287